000 01060cam a22002531i 4500
003 SA-RiAUC
005 20240930134756.0
008 240924s1985 ti g 000 0 ara c
040 _aSD-KhSUST
_bara
_cSA-RiAUC
_erda
082 0 4 _a237.2
_qSA-RiAUC
090 _a237.2
_b ا ب و ي
100 1 _aأبو يعلى، محمد بن الحسين بن محمد،
_d380-458 هجري
_eمؤلف.
245 1 2 _aالمفاريد عن رسول الله صلى الله عليه وسلم /
_cالحافظ أبي يعلي، تحقيق عبدالله بن يوسف الجديع
264 1 _aتونس ؛
_aالكويت :
_bمكتبة دار الأقصى،
_c1985
300 _a131 صفحة ؛
_c24 سم
336 _aنص
_btxt
_2rdacontent
_3كتاب
337 _aبدون وسيط
_bn
_2rdamedia
338 _aمجلد
_bnc
_2rdacarrier
650 7 _aالحديث
_xالمسانيد
_2aucsh
650 7 _aالحديث
_xرواية
_2aucsh
700 _a الجديع، عبدالله بن يوسف
942 _2ddc
_cBOOK
_n0
949 _aSA-JeALM
_d240924
_umohamedma123
_n1
999 _c698
_d698